|
|
|
|
| LEADER |
00633nab a2200169 i 4500 |
| 001 |
misc26370 |
| 005 |
20191111110339.0 |
| 008 |
170905s1967 hu o 0|| zxx d |
| 040 |
|
|
|a SZTE Miscellanea Repozitórium
|b hun
|
| 041 |
|
|
|a zxx
|
| 100 |
1 |
|
|a Varró Vince
|
| 245 |
1 |
0 |
|a Antibiotics and the intestinal tract
|h [elektronikus dokumentum] /
|c Varró Vince
|
| 260 |
|
|
|c 1967
|
| 300 |
|
|
|a 1-8
|
| 490 |
0 |
|
|a Kolligátum
|
| 695 |
|
|
|a Bélbetegségek, Emésztőrendszer - betegségek, Antibiotikum - belgyógyászatban, Belgyógyászat - antibiotikus kezelés
|
| 856 |
4 |
0 |
|u http://misc.bibl.u-szeged.hu/26370/1/019_006_001-008.pdf
|z Dokumentum-elérés
|